000 00341nam a2200133Ia 4500
008 240624s9999 xx 000 0 und d
041 _aeng
082 _a658.800973 HAR
100 _aHARTLEY ROBERT F
245 _aMARKETING MISTAKES AND SUCCESSES
250 _a(12th ed.)
260 _c2014
_aNew Jersey
_bJohn Wiley & Sons
365 _c
_b28
999 _c22696
_d22696